les attractions disney - Statistiques

Statistiques générales
  • Ce quiz a été pris 20 fois
  • Le résultat moyen est 9 sur 41
Statistiques - réponses
land attractions % Correct
discovery land Autopia
56%
discovery land Hyperspace mountaiN
56%
fantaisie land Les voyages de pinocchio
50%
discovery land Orbitron
50%
fantaisie land Peter pan flight
50%
fantaisie land Le pays des contes de fées
44%
frontière land Big thunder mountain
38%
fantaisie land Blanche neige et les sept nains
38%
fantaisie land Casey jr le petit train du cirque
38%
fantaisie land Le carrousel de lancelot
38%
toy story play land RC racer
38%
discovery land Buzz lightyear laser blast
31%
adventure land Indiana Jones et le temple du péril
31%
adventure land Les pirates des caraïbes
31%
frontière land Phantom manor
31%
Disney studio cars road trip
25%
fantaisie land It's small world
25%
fantaisie land la tanière du dragon
25%
discovery land Star tours : l'aventure continue
25%
Disney studio crush's coaster
19%
aventure land la cabane des robinsons
19%
adventure land la plage des pirate
19%
fantaisie land la galerie du château de la belle au bois dormant
13%
fantaisie land Le labyrinthe d'Alice
13%
adventure land Le passage enchanté d' aladdin
13%
fantaisie land le pavillon des princesse
13%
fantaisie land rencontre avec mickey
13%
frontière land Rustler roundup shootin' gallery
13%
toy story play land slinky dog zigzag spin
13%
adventure land Adventure isle
6%
adventure land le galion des pirate
6%
toy story play land parachutage
6%
toy story play land rencontre avec Jessie
6%
frontière land thunder mesa riverboat landing
6%
Disney studio cars quatre roue rallye
0%
fantaisie land Dumbo l'éléphant
0%
frontière land frontièrland play ground
0%
discovery land les mystères de Nautilus
0%
fantaisie land Les tasses d'Alice
0%
main street le train de disneyland paris
0%
Disney studio ratatouille : l'aventure toqué de Rémy
0%
Aucun quiz correspondant
Distribution des résultats
% des personnes avec chaque résultat
Percentile par nombre de réponses
Votre historique - résultats
Vous n’avez pas pris ce quiz